Два примера разнопредельных коэффициентов поперечной деформации; Современные техника и технологии; Т. 2

書誌詳細
Parent link:Современные техника и технологии: сборник трудов XVIII международной научно-практической конференции студентов, аспирантов и молодых ученых, Томск, 9-13 апреля 2012 г/ Национальный исследовательский Томский политехнический университет (ТПУ).— , 2012
Т. 2.— 2012.— С. 227-228
第一著者: Теслева Е. П. Елена Павловна
その他の著者: Белькова Т. А. Татьяна Анатольевна, Беломестных В. Н. Владимир Николаевич
要約:Заглавие с титульного листа
Текстовый файл
言語:ロシア語
出版事項: 2012
シリーズ:Секция 6: Материаловедение
主題:
オンライン・アクセス:http://www.lib.tpu.ru/fulltext/v/Conferences/2012/C2/V2/v2_111.pdf
フォーマット: 電子媒体 図書の章
KOHA link:https://koha.lib.tpu.ru/cgi-bin/koha/opac-detail.pl?biblionumber=223941

MARC

LEADER 00000naa2a2200000 4500
001 223941
005 20260305161023.0
035 |a (RuTPU)RU\TPU\book\244214 
090 |a 223941 
100 |a 20121017d2012 k y0rusy50 ca 
101 0 |a rus 
102 |a RU 
135 |a drcn ---uucaa 
181 0 |a i   |b  e  
182 0 |a b 
183 0 |a cr  |2 RDAcarrier 
200 1 |a Два примера разнопредельных коэффициентов поперечной деформации  |f Е. П. Теслева, Т. А. Белькова  |g Национальный исследовательский Томский политехнический университет (ТПУ), Юргинский технологический институт (ЮТИ) ; науч. рук. В. Н. Беломестных 
203 |a Текст  |c электронный  |b визуальный 
215 |a 1 файл (753 Kb) 
225 1 |a Секция 6: Материаловедение 
283 |a online_resource  |2 RDAcarrier 
300 |a Заглавие с титульного листа 
320 |a Библиогр.: с. 228 (11 назв.) 
336 |a Текстовый файл 
461 1 |0 (RuTPU)RU\TPU\book\240890  |t Современные техника и технологии  |o сборник трудов XVIII международной научно-практической конференции студентов, аспирантов и молодых ученых, Томск, 9-13 апреля 2012 г  |o в 3 т.  |f Национальный исследовательский Томский политехнический университет (ТПУ)  |d 2012 
463 1 |0 (RuTPU)RU\TPU\book\242828  |t Т. 2  |v С. 227-228  |d 2012 
610 1 |a электронный ресурс 
610 1 |a труды учёных ТПУ 
610 1 |a поперечные деформации 
610 1 |a коэффициент Пуассона 
610 1 |a упругость 
700 1 |a Теслева  |b Е. П.  |c физик  |c доцент Юргинского технологического института (филиала) Томского политехнического университета, кандидат физико-математических наук  |f 1976-  |g Елена Павловна  |3 (RuTPU)RU\TPU\pers\25111  |9 11214 
701 1 |a Белькова  |b Т. А.  |c специалист в области экологии и безопасности жизнедеятельности  |c aссистент Томского политехнического университета  |f 1991-  |g Татьяна Анатольевна  |9 23025 
702 1 |a Беломестных  |b В. Н.  |c физик, физико-химик  |c профессор Юргинского технологического института (филиал) Томского политехничесого университета  |f 1939-  |g Владимир Николаевич  |3 (RuTPU)RU\TPU\pers\25113 
801 2 |a RU  |b 63413507  |c 20140416  |g RCR 
856 4 0 |u http://www.lib.tpu.ru/fulltext/v/Conferences/2012/C2/V2/v2_111.pdf  |z http://www.lib.tpu.ru/fulltext/v/Conferences/2012/C2/V2/v2_111.pdf 
942 |c CF